|
|
|
|
| LEADER |
00000nab a2200000 a 4500 |
| 001 |
vtls000785888 |
| 005 |
20260426070015.0 |
| 008 |
180206c2001 xo 0 slo |
| 015 |
|
|
|a SNBRB2002/03-08607
|
| 035 |
|
|
|a CLN000137548
|
| 040 |
|
|
|a SNKBUCL
|b slo
|c SNKBUCL
|e AACR2
|
| 041 |
0 |
|
|a slo
|
| 044 |
|
|
|a xo
|c SK
|
| 080 |
|
|
|a 792.8:793.32
|2 UDC-MRF-SK2
|
| 080 |
|
|
|a 793.32
|2 UDC-MRF-SK2
|
| 100 |
1 |
|
|a Uličianska, Zuzana,
|d 1962-
|4 aut
|9 103260
|
| 245 |
1 |
0 |
|a Čajka
|b tiché tanečné plachtenie
|c Zuzana Uličianska
|
| 300 |
|
|
|b Fotogr.
|
| 500 |
|
|
|a Inšpirované knihou Josepha Cambella Hrdina tisícich tvárí. Choreografia Peter Mika a Oľga Cobosová. Hudba Maxim Franke a David Lang. Námet Robert Meško
|
| 610 |
2 |
7 |
|a Bratislavské divadlo tanca
|2 SNKKA
|9 32911
|
| 630 |
|
7 |
|a Čajka (tanečný projekt)
|2 SNKPHunif
|9 1634679
|
| 651 |
|
7 |
|a Bratislava (Slovensko)
|2 snkbucl
|9 14568
|
| 655 |
|
7 |
|a recenzie
|2 SNKPH
|9 21907
|
| 655 |
|
7 |
|a články z novín a časopisov
|2 snkbucl
|9 267496
|
| 773 |
0 |
|
|t Tanec
|g Roč. 7, č. 2 (2001), s. 18-19
|
| 852 |
|
|
|a SNK
|
| 958 |
|
|
|a RBX
|
| 999 |
|
|
|c 2648813
|d 2650743
|